| 000 -LEADER |
| fixed length control field |
00735nam a2200265Ia 4500 |
| 020 ## - INTERNATIONAL STANDARD BOOK NUMBER |
| ISBN |
0328030155 (gr. K) |
| 020 ## - INTERNATIONAL STANDARD BOOK NUMBER |
| ISBN |
0328067067 (gr. 1) |
| 020 ## - INTERNATIONAL STANDARD BOOK NUMBER |
| ISBN |
0328067075 (gr. 2) |
| 020 ## - INTERNATIONAL STANDARD BOOK NUMBER |
| ISBN |
0328067083 (gr. 3) |
| 020 ## - INTERNATIONAL STANDARD BOOK NUMBER |
| ISBN |
0328067091 (gr. 4) |
| 020 ## - INTERNATIONAL STANDARD BOOK NUMBER |
| ISBN |
0328067105 (gr. 5) |
| 020 ## - INTERNATIONAL STANDARD BOOK NUMBER |
| ISBN |
0328067113 (gr. 6) |
| 040 ## - CATALOGING SOURCE |
| Transcribing agency |
BGU |
| 082 ## - DEWEY DECIMAL CLASSIFICATION NUMBER |
| Classification number |
372 PEA 2004 A065 Or. |
| 245 00 - TITLE STATEMENT |
| Title |
Ohio mathematics / |
| 246 30 - VARYING FORM OF TITLE |
| Title proper/short title |
Mathematics |
| 260 ## - PUBLICATION, DISTRIBUTION, ETC. (IMPRINT) |
| Place of publication |
Glenview, IL : |
| Name of publisher |
Pearson/Scott Foresman, |
| Year of publication |
c2004 |
| 300 ## - PHYSICAL DESCRIPTION |
| Number of Pages |
7 v. : |
| Other physical details |
col. ill. ; |
| Dimensions |
31 cm |
| 650 #0 - SUBJECT ADDED ENTRY--TOPICAL TERM |
| Topical Term |
Mathematics |
| 650 #0 - SUBJECT ADDED ENTRY--TOPICAL TERM |
| Topical Term |
Mathematics |
| 710 2# - ADDED ENTRY--CORPORATE NAME |
| Corporate name or jurisdiction name as entry element |
Scott, Foresman and Company |
| 710 2# - ADDED ENTRY--CORPORATE NAME |
| Corporate name or jurisdiction name as entry element |
Addison-Wesley Publishing Company |
| 710 2# - ADDED ENTRY--CORPORATE NAME |
| Corporate name or jurisdiction name as entry element |
Pearson Education, Inc |
| 942 ## - ADDED ENTRY ELEMENTS (KOHA) |
| Koha item type |
សៀវភៅភាសាអង់គ្លេស |
| 952 ## - LOCATION AND ITEM INFORMATION (KOHA) |
| Withdrawn status [LOCAL, KOHA] |
0 |